| 000 | 00000nam##2200000za#4500 |
| 001 | 9.571494 |
| 003 | CaOODSP |
| 005 | 20210624182742 |
| 007 | cr ||||||||||| |
| 008 | 150406|2005||||xxc|||||o f|0| 0 eng|d |
| 040 | |aCaOODSP|beng |
| 043 | |an-cn--- |
| 086 | 1 |aTU3-5/05-36E-PDF |
| 110 | 2 |aTransportation Safety Board of Canada. |
| 245 | 10|aLoss of control - Quantum Helicopters, MD Helicopters MD500D C-GWPQ, Terrace, British Columbia, 35 nm NW, 02 August 2005 |h[electronic resource] |
| 260 | |aGatineau - Quebec : |bTransportation Safety Board of Canada |c[2006]. |
| 300 | |a6p. |
| 490 | 1 |aAviation investigation report |vA05P0184 |
| 590 | |a11-31-Supp|b2011-12-13 |
| 775 | 08|tPerte de maîtrise d'un hélicoptère MD500D C-GWPQ exploité par Quantum Helicopters à 35 nm au nord-ouest de Terrace (Colombie-Britannique) le 2 août 2005 |w(CaOODSP)9.602086 |
| 830 | #0|aAviation investigation report ;|vA05P0184|w(CaOODSP)9.504825 |
| 856 | 40|ahttp://publications.gc.ca|qPDF|s150 KB|uhttps://publications.gc.ca/collections/collection_2011/bst-tsb/TU3-5-05-36-eng.pdf|yA05P0184 |